| 000 | 00730nam a2200229Ia 4500 | ||
|---|---|---|---|
| 003 | OSt | ||
| 005 | 20250929101539.0 | ||
| 008 | 210716s2004 xx 000 0 und d | ||
| 020 | _a8126505184 | ||
| 040 | _cAIMIT LIBRARY | ||
| 041 | _aeng | ||
| 082 |
_a005.7525 _bFEDH |
||
| 100 |
_aFeddema, Helen. _9240370 |
||
| 245 |
_aExpert one on one microsoft access application development / _cBy Helen Feddema. |
||
| 250 | _a1st ed. | ||
| 260 |
_aNew Delhi : _bWiley Dreamtech Pvt Ltd , _c2004. |
||
| 300 |
_axv,594,8 p.; _bPB _c24.5 cm. |
||
| 650 |
_aSorting and Filtering data with queries _9240371 |
||
| 650 |
_aWriting vba code in modules _9240372 |
||
| 650 |
_aWorking with outlook _9240373 |
||
| 942 |
_2ddc _cBK _k005.7525 FEDH |
||
| 999 |
_c186948 _d186948 |
||